01548nam a2200421 i 450000100060000000300080000600500170001400600190003100700150005000800410006502000180010602000270012403500230015103500240017403500250019803500220022304000310024505000210027608000100029708200140030710000310032124500570035225000190040926400480042830000410047633600310051733700330054833800430058150400290062458801260065359001640077965000280094365000300097165500270100179700190102885600620104799900170110946667FlNmELB20241216231812.0m o d | cr cnu||||||||180815s2014 sp ob 000 0 spa d z9788417086107 a9788417086473 (e-book) a(MiAaPQ)EBC5350026 a(Au-PeEL)EBL5350026 a(CaPaEBR)ebr11546003 a(OCoLC)1105869011 aFINmELBbspaerdacFINmELB 4aTK146bG934 2014 a621.30 a621.32231 aGuerrero Pérez, Ramón.10aElectrotecnia :bUF0149 /cRamón Guerrero Pérez. a2a, edición. 1aAntequera, Málaga :bIC Editorial,c2014. a1 recurso en línea (432 páginas) atextobtxt2rdacontent/spa acomputadorabc2rdamedia/spa arecurso en líneabcr2rdacarrier/spa aContiene bibliografía. aDescripción basada en recurso en línea; Título de la página del título en PDF (e-libro, visto August 15, 2018). aRecurso electrónico. Santa Fe, Arg.: e-libro, 2018. Disponible vía World Wide Web. El acceso puede estar limitado para las bibliotecas afiliadas a e-libro. 0aElectrical engineering. 4aIngeniería eléctrica. 4aLibros electrónicos.2 ae-libro, Corp.40uhttps://elibro.net/ereader/politecnicointernacional/44999 c46667d46667